000 00650nam a2200205Ia 4500
001 15504
003 GE_BSU
008 181216s||||||||xx |||||||||||||| ||und||
040 _cGE_BSU
080 _a821.353.1-94
100 _aჩიქოვანი,ილია(კონტელი)
245 _aმოგონებანი
245 _cრედ. თ.კოპლატაძე. მხატვ.ი.ჯანაშვილი
260 _aთბილისი
260 _bსაბჭ. საქართველო
260 _c1958
300 _a96გვ.18სმ.
653 _aმოგონებანი
942 _cBK
999 _c48604
_d48604